000 00584nam a2200229Ia 4500
003 OSt
005 20220924142357.0
006 a|||||r|||| 00| 0
007 ta
008 220923b |||||||| |||| 00| 0 ben d
024 _a301745
037 _cTextual
040 _aARTS
_cARTS
_bben
041 _2ben
_aben
082 _aY31:3411.262, 157M0
100 _aBandopadhyay
_9196155
245 0 _aPashchim banglar gramer nam
260 _c1980
650 _aSOCIOLOGY
942 _hY31:3411.262, 157M0
_cTEXL
_2CC
999 _c450557
_d450557